ARRUPE JESUIT UNIVERSITY

CORONAVIRUS -STOP THE SPREAD - CLEAN,DISINFECT,COVER

The Mudimbe reader / (Record no. 128521)

MARC details
000 -LEADER
fixed length control field 01253cam a2200325 i 4500
001 - CONTROL NUMBER
control field 19039292
003 - CONTROL NUMBER IDENTIFIER
control field ARRUPE
005 - DATE AND TIME OF LATEST TRANSACTION
control field 20181108115909.0
008 - FIXED-LENGTH DATA ELEMENTS--GENERAL INFORMATION
fixed length control field 160401s2016 vau b s001 0 eng
010 ## - LIBRARY OF CONGRESS CONTROL NUMBER
LC control number 2016002828
020 ## - INTERNATIONAL STANDARD BOOK NUMBER
International Standard Book Number 9780813939100 (cloth : alk. paper)
020 ## - INTERNATIONAL STANDARD BOOK NUMBER
International Standard Book Number 9780813939117 (pbk. : alk. paper)
020 ## - INTERNATIONAL STANDARD BOOK NUMBER
Cancelled/invalid ISBN 9780813939124 (e-book)
040 ## - CATALOGING SOURCE
Original cataloging agency DLC
Language of cataloging eng
Transcribing agency DLC
Description conventions rda
Modifying agency DLC
042 ## - AUTHENTICATION CODE
Authentication code pcc
050 00 - LIBRARY OF CONGRESS CALL NUMBER
Classification number B5310.M85 2016
082 00 - DEWEY DECIMAL CLASSIFICATION NUMBER
Classification number 844/.914
Edition number 23
300 ## - PHYSICAL DESCRIPTION
Dimensions 24 cm
100 1# - MAIN ENTRY--PERSONAL NAME
Personal name Mudimbe, V. Y.,
Dates associated with a name 1941-
Relator term author.
9 (RLIN) 36509
245 14 - TITLE STATEMENT
Title The Mudimbe reader /
Statement of responsibility, etc edited by Pierre-Philippe Fraiture and Daniel Orrells.
260 ## - PUBLICATION, DISTRIBUTION, ETC. (IMPRINT)
Place of publication, distribution, etc Charlottesville
Name of publisher, distributor, etc Univeristy of Virginia Press
Date of publication, distribution, etc 2016
300 ## - PHYSICAL DESCRIPTION
Extent xlv, 239 p. ;
504 ## - BIBLIOGRAPHY, ETC. NOTE
Bibliography, etc Includes bibliographical references and index.
650 ## - SUBJECT ADDED ENTRY--TOPICAL TERM
Topical term or geographic name as entry element Philosophy
Geographic subdivision Africa
9 (RLIN) 21087
700 1# - ADDED ENTRY--PERSONAL NAME
Personal name Fraiture, Pierre-Philippe,
Relator term editor.
9 (RLIN) 43303
700 1# - ADDED ENTRY--PERSONAL NAME
Personal name Orrells, Daniel,
Relator term editor.
9 (RLIN) 43304
906 ## - LOCAL DATA ELEMENT F, LDF (RLIN)
a 7
b cbc
c orignew
d 1
e ecip
f 20
g y-gencatlg
942 ## - ADDED ENTRY ELEMENTS (KOHA)
Source of classification or shelving scheme Library of Congress Classification
Koha item type Monograph ( Printed materials)
Holdings
Withdrawn status Lost status Source of classification or shelving scheme Damaged status Not for loan Collection code Home library Current library Shelving location Date acquired Total Checkouts Full call number Barcode Date last seen Date checked out Price effective from Koha item type
    Library of Congress Classification     Main Collection ARRUPE LIBRARY ARRUPE LIBRARY Main Collection 08/11/2018 8 B5310.M85 2016 46600002481 04/04/2024 15/03/2024 08/11/2018 Monograph ( Printed materials)

 

Arrupe Library. PO Box MP320 Mt Pleasant, Harare, Zimbabwe
263 242 745411|librarian@aju.ac.zw